000 00432nam a2200169 a 4500
001 0000-9201
003 ELIB.Books
008 110520 1942
035 _a(ELIB.Books)0000-9353
082 _a248
_bPri
100 _aPricm, J.M.
245 _aVital Problems in Christian Living
260 _bNashville: Convention Press
_c1942
650 _aChristian Life
942 _2ddc
_cBK
998 _cbat
_e2011-05-20
999 _c9201
_d9201